Classifica perpetua della Champions League - Statistics

Statistiche generali
  • Questo quiz è stato fatto 342 volte
    201 dall'ultimo reset
  • Il punteggio medio è 14 su 15
Statistiche sulle risposte
Nazione Squadra Partecipazioni Punti Partite giocate Vinte Pareggiate Perse % Corretto
Spagna Barcellona 35 503 363 212 79 72
100%
Italia Inter 26 284 228 112 60 56
100%
Italia Juventus 38 387 311 157 73 81
100%
Spagna Real Madrid 55 689 503 302 85 116
100%
Italia Milan 32 347 283 138 71 74
99%
Paesi Bassi Ajax 39 288 247 112 64 71
98%
Germania Bayern Monaco 41 569 407 244 81 83
98%
Inghilterra Liverpool 28 350 258 150 50 58
98%
Portogallo Porto 38 313 277 126 61 90
98%
Inghilterra Arsenal 23 277 225 115 47 63
93%
Scozia Celtic 39 254 238 105 44 89
93%
Inghilterra Manchester Utd 31 392 299 161 70 68
93%
Portogallo Benfica 44 342 305 136 70 99
92%
Inghilterra Chelsea 19 261 201 104 53 44
91%
Ucraina Dinamo Kiev 40 271 260 107 57 96
82%
Nessun quiz corrispondente trovato
Distribuzione punteggi
Percentuale di utenti per punteggio
Percentile per numero di risposta
I tuoi punteggi nel tempo
Non hai fatto questo quiz dall'ultimo reset